000
00394nam a2200133Ia 4500
008
151001s9999||||xx |||||||||||||| ||und||
100
_a
पुरुषोत्तम सत्यप्रेमी
245
_a
दलित साहित्य:रचना और विचार
250
_a
1
260
_b
आतिश
260
_c
2001
300
_a
96
365
_b
21
999
_c
977909
_d
977906